[Event "Wch U10"]
[Site "Batumi"]
[Date "2022.09.21"]
[Round "6"]
[White "Gonzalez Argandona, Manuel"]
[Black "Oybekov, Ozodbekjon"]
[Result "1-0"]
[WhiteElo "1479"]
[BlackElo "1078"]
[PlyCount "71"]
[EventDate "2022.09.16"]
[EventType "swiss"]
[EventRounds "11"]
[EventCountry "GEO"]
[SourceTitle "EXT 2023"]
[Source "ChessBase"]
[SourceDate "2022.10.05"]
[SourceVersion "1"]
[SourceVersionDate "2022.10.05"]
[SourceQuality "1"]

1. Nf3 Nf6 2. d4 e6 3. c4 d5 4. Nc3 Bb4 5. a3 Bxc3+ 6. bxc3 c5 7. Qc2 Nc6 8. e3 0-0 9. Bd3 dxc4 10. Bxc4 Na5 11. Ba2 c4 12. e4 h6 13. e5 Nd5 14. Bb1 f5 15. exf6 Nxf6 16. Bf4 Qe7 17. Ne5 Qe8 18. Ng6 Rf7 19. Ne5 Rf8 20. h4 Bd7 21. g4 Ba4 22. Qe2 Nd5 23. Qe4 Nf6 24. Qg2 Nd5 25. Bd2 Bc6 26. f3 Ne7 27. h5 Nb3 28. Ra2 Nxd2 29. Rxd2 Nd5 30. g5 Nf4 31. Qg4 hxg5 32. Qxg5 Qd8 33. Qg4 Rf6 34. h6 Qe7 35. h7+ Kh8 36. Qxf4 1-0

[Event "Wch U10"]
[Site "Batumi"]
[Date "2022.09.20"]
[Round "5"]
[White "Oybekov, Ozodbekjon"]
[Black "Yerseit, Alim"]
[Result "1-0"]
[WhiteElo "1078"]
[BlackElo "1322"]
[PlyCount "63"]
[EventDate "2022.09.16"]
[EventType "swiss"]
[EventRounds "11"]
[EventCountry "GEO"]
[SourceTitle "EXT 2023"]
[Source "ChessBase"]
[SourceDate "2022.10.05"]
[SourceVersion "1"]
[SourceVersionDate "2022.10.05"]
[SourceQuality "1"]

1. d4 Nf6 2. c4 g6 3. Nf3 Bg7 4. Nc3 d5 5. Bf4 0-0 6. e3 Bg4 7. Be2 dxc4 8. 0-0 c6 9. a4 Nd5 10. Bg3 a5 11. Bxc4 Nxc3 12. bxc3 Nd7 13. Rb1 Nb6 14. Be2 Nd5 15. Qc2 Qd7 16. e4 Nf6 17. Ne5 Qc8 18. Bxg4 Nxg4 19. Nxg4 Qxg4 20. Rxb7 h5 21. h3 Qc8 22. Rxe7 Qa6 23. Qa2 Rac8 24. Bd6 Bf6 25. Rd7 Rcd8 26. Rxd8 Rxd8 27. e5 Bg7 28. Rb1 Qd3 29. Rb7 Qf5 30. Ra7 Bh6 31. Rxa5 Bg5 32. Ra7 1-0

[Event "Wch U10"]
[Site "Batumi"]
[Date "2022.09.19"]
[Round "4"]
[White "Yue, Tariq"]
[Black "Oybekov, Ozodbekjon"]
[Result "1-0"]
[WhiteElo "1508"]
[BlackElo "1078"]
[PlyCount "37"]
[EventDate "2022.09.16"]
[EventType "swiss"]
[EventRounds "11"]
[EventCountry "GEO"]
[SourceTitle "EXT 2023"]
[Source "ChessBase"]
[SourceDate "2022.10.05"]
[SourceVersion "1"]
[SourceVersionDate "2022.10.05"]
[SourceQuality "1"]

1. Nf3 Nf6 2. d4 e6 3. Bg5 d5 4. c4 Bb4+ 5. Nc3 Nbd7 6. a3 Bxc3+ 7. bxc3 c5 8. Nd2 Qa5 9. Bxf6 Nxf6 10. Qc2 cxd4 11. cxd4 Ne4 12. e3 0-0 13. Bd3 Nxd2 14. Qxd2 Qxd2+ 15. Kxd2 dxc4 16. Bxc4 Bd7 17. Rab1 Rac8 18. Rxb7 Bc6 19. Rxa7 1-0